ជីង ជីង អាប់ឌែត ! : (Record no. 8731)
[ view plain ]
| 000 -LEADER | |
|---|---|
| fixed length control field | 01658nam a22002897a 4500 |
| 001 - CONTROL NUMBER | |
| control field | 8731 |
| 003 - CONTROL NUMBER IDENTIFIER | |
| control field | FISKH |
| 005 - DATE AND TIME OF LATEST TRANSACTION | |
| control field | 20251014161907.0 |
| 008 - FIXED-LENGTH DATA ELEMENTS--GENERAL INFORMATION | |
| fixed length control field | 251014b cb ||||| |||| 00| 0 eng d |
| 020 ## - INTERNATIONAL STANDARD BOOK NUMBER | |
| International Standard Book Number | 9789996388002 |
| 040 ## - CATALOGING SOURCE | |
| Original cataloging agency | FISKH |
| Language of cataloging | khr |
| Transcribing agency | FISKH |
| Modifying agency | FISKH |
| 050 ## - LIBRARY OF CONGRESS CALL NUMBER | |
| Classification number | PZ7 |
| 100 ## - MAIN ENTRY--PERSONAL NAME | |
| Personal name | Pisey, Pol |
| 245 ## - TITLE STATEMENT | |
| Title | ជីង ជីង អាប់ឌែត ! : |
| Remainder of title | Jing Jing update ! / |
| Statement of responsibility, etc. | អ្នកស្រី ប៉ុល ពិសី |
| 260 ## - PUBLICATION, DISTRIBUTION, ETC. | |
| Place of publication, distribution, etc. | Phnom Penh : |
| Name of publisher, distributor, etc. | Glory Printing House , |
| Date of publication, distribution, etc. | 2014. |
| 300 ## - PHYSICAL DESCRIPTION | |
| Extent | 28 pages : |
| Other physical details | color illustrations ; |
| Dimensions | 26 cm . |
| 505 ## - FORMATTED CONTENTS NOTE | |
| Formatted contents note | P <br/> |
| 520 ## - SUMMARY, ETC. | |
| Summary, etc. | រឿងមួយនេះលើកទឺកចិត្តប្អូនៗកុមារអោយក្លាហាន ហ៊ានបញ្ចេញសមត្ថភាពនៃចំណេះវិជ្ជាដែលខ្លួនមាន ។ ហើយរឿងនេះក៏េជួយបង្រៀនប្អូនៗកុមារអោយចេះស្រលាញ់យុត្តិធម៏ និងធ្វើជាមនុស្សដែលមានទំនួលខុសត្រូវក្នុងជិវីតរស់នៅប្រចាំថ្ងៃ ។ |
| 520 ## - SUMMARY, ETC. | |
| Summary, etc. | This story encourages children to be brave in using the abilities and knowledge they have . And it also make the children love justice and become responsible people in daily life . |
| 521 8# - TARGET AUDIENCE NOTE | |
| Target audience note | 660 <br/> |
| Source | Lexile estimate <br/> |
| 521 8# - TARGET AUDIENCE NOTE | |
| Target audience note | P <br/> |
| Source | Raz-Plus <br/> |
| 650 ## - SUBJECT ADDED ENTRY--TOPICAL TERM | |
| Topical term or geographic name entry element | ជីង ជីង អាប់ឌែត ! |
| 650 ## - SUBJECT ADDED ENTRY--TOPICAL TERM | |
| Topical term or geographic name entry element | Jing Jing update ! |
| 700 ## - ADDED ENTRY--PERSONAL NAME | |
| Personal name | Marady, Pang |
| Relator term | Illustrator |
| 942 ## - ADDED ENTRY ELEMENTS (KOHA) | |
| Source of classification or shelving scheme | Dewey Decimal Classification |
| Koha item type | Khmer Books |
| Suppress in OPAC | No |
| Withdrawn status | Lost status | Source of classification or shelving scheme | Damaged status | Not for loan | Collection | Home library | Current library | Shelving location | Date acquired | Total Checkouts | Full call number | Barcode | Date last seen | Copy number | Price effective from | Koha item type | Date last checked out |
|---|---|---|---|---|---|---|---|---|---|---|---|---|---|---|---|---|---|
| Dewey Decimal Classification | Khmer-English Bilingual / ភាសាខ្មែរ-អង់គ្លេស | Footprints International School Library Network Toul Tom Poung Campus | Footprints International School Library Network Toul Kork Campus | TTP Primary Khmer Bookshelves | 11/21/2025 | 1 | PIS PZ7 | 2025-4867 | 12/18/2025 | 3 | 11/21/2025 | Khmer Books | 11/27/2025 | ||||
| Dewey Decimal Classification | Khmer-English Bilingual / ភាសាខ្មែរ-អង់គ្លេស | Footprints International School Library Network Toul Tom Poung Campus | Footprints International School Library Network Toul Tom Poung Campus | TTP Primary Khmer Bookshelves | 10/14/2025 | PIS PZ7 | FIS05187 | 10/14/2025 | 1 | 10/14/2025 | Khmer Books | ||||||
| Dewey Decimal Classification | Khmer-English Bilingual / ភាសាខ្មែរ-អង់គ្លេស | Footprints International School Library Network Toul Tom Poung Campus | Footprints International School Library Network Toul Tom Poung Campus | TTP Primary Khmer Bookshelves | 11/11/2025 | PIS PZ7 | FIS05188 | 11/11/2025 | 2 | 11/11/2025 | Khmer Books |
